Loading...
Measure theory and probability
| Main Author: | |
|---|---|
| Format: | Printed Book |
| Published: |
New Delhi
Prentice Hall
1999
|
| Subjects: |
| LEADER | 00460cam a2200157ua 4500 | ||
|---|---|---|---|
| 020 | |a 81-203-1498-0 | ||
| 082 | |a 515.42 |b BAS/M | ||
| 100 | |a Basu,A.K | ||
| 245 | 0 | 0 | |a Measure theory and probability |
| 260 | |a New Delhi |b Prentice Hall |c 1999 | ||
| 300 | |a xii,223p. | ||
| 650 | |a Measure theory | ||
| 650 | 0 | |a Probability | |
| 942 | |c BK | ||
| 999 | |c 2713 |d 2713 | ||
| 952 | |0 0 |1 0 |4 0 |6 515_420000000000000_BASM |7 0 |9 2836 |a KUCL |b KUCL |d 2014-05-23 |l 0 |o 515.42 BAS/M |p 05841 |r 2014-05-23 |y BK | ||